<?xml version="1.0" encoding="UTF-8"?>
<record
    xmlns:xsi="http://www.w3.org/2001/XMLSchema-instance"
    xsi:schemaLocation="http://www.loc.gov/MARC21/slim http://www.loc.gov/standards/marcxml/schema/MARC21slim.xsd"
    xmlns="http://www.loc.gov/MARC21/slim">

  <leader>01841cam a22003254a 4500</leader>
  <controlfield tag="001">321</controlfield>
  <controlfield tag="003">OSt</controlfield>
  <controlfield tag="005">20250528074017.0</controlfield>
  <controlfield tag="008">080603 c195    bl     j      000 1 por  </controlfield>
  <datafield tag="020" ind1=" " ind2=" ">
    <subfield code="a">8501008397</subfield>
  </datafield>
  <datafield tag="040" ind1=" " ind2=" ">
    <subfield code="b">por</subfield>
  </datafield>
  <datafield tag="082" ind1=" " ind2=" ">
    <subfield code="a">823</subfield>
    <subfield code="b">W519a</subfield>
  </datafield>
  <datafield tag="100" ind1="1" ind2=" ">
    <subfield code="a">West, Morris,</subfield>
    <subfield code="d">1916-1999.</subfield>
    <subfield code="9">646</subfield>
  </datafield>
  <datafield tag="240" ind1=" " ind2=" ">
    <subfield code="a">The Devil's Advocate / </subfield>
  </datafield>
  <datafield tag="245" ind1="0" ind2="0">
    <subfield code="a">O advogado do diabo /</subfield>
    <subfield code="c">West, Morris ; Tradu&#xE7;&#xE3;o de Brenno Silveira </subfield>
  </datafield>
  <datafield tag="250" ind1=" " ind2=" ">
    <subfield code="a">27</subfield>
  </datafield>
  <datafield tag="260" ind1=" " ind2=" ">
    <subfield code="a">Rio de Janeiro</subfield>
    <subfield code="b">Record</subfield>
    <subfield code="c">2004</subfield>
  </datafield>
  <datafield tag="300" ind1=" " ind2=" ">
    <subfield code="a">303 p.</subfield>
  </datafield>
  <datafield tag="340" ind1=" " ind2=" ">
    <subfield code="e">Papel</subfield>
  </datafield>
  <datafield tag="520" ind1=" " ind2=" ">
    <subfield code="a">Publicado originalmente em 1959, O advogado do diabo consagrou o australiano Morris West como um dos melhores escritores de sua gera&#xE7;&#xE3;o. Na Cal&#xE1;bria, sul da It&#xE1;lia, surge um culto &#xE0; mem&#xF3;ria de um homem chamado Giacomo Nerone, a quem s&#xE3;o atribu&#xED;dos milagres. A devo&#xE7;&#xE3;o popular chama a aten&#xE7;&#xE3;o do Vaticano, que avalia a possibilidade de abrir um processo de canoniza&#xE7;&#xE3;o. Para confirmar a santidade, o sacerdote ingl&#xEA;s Blaise Meredith &#xE9; enviado com a miss&#xE3;o de descobrir e denunciar fatos que possam impedir a santifica&#xE7;&#xE3;o de Nerone.

O papel deste investigador can&#xF4;nico &#xE9; o de um verdadeiro advogado do diabo. Em suas investiga&#xE7;&#xF5;es, o religioso n&#xE3;o s&#xF3; descobre a verdade sobre Giacomo como enfrenta dramas em sua consci&#xEA;ncia que o fazem reavaliar seu papel de homem e de sacerdote. A obra &#xE9; sucesso de p&#xFA;blico e cr&#xED;tica, e se destacou entre os cl&#xE1;ssicos da literatura de l&#xED;ngua inglesa da segunda metade do s&#xE9;culo XX por abordar aspectos fundamentais da natureza humana.</subfield>
  </datafield>
  <datafield tag="650" ind1=" " ind2="0">
    <subfield code="a">Literatura australiana</subfield>
    <subfield code="9">219</subfield>
  </datafield>
  <datafield tag="650" ind1=" " ind2="0">
    <subfield code="a">Suspense</subfield>
    <subfield code="9">10</subfield>
  </datafield>
  <datafield tag="650" ind1=" " ind2="0">
    <subfield code="a">Mist&#xE9;rio</subfield>
    <subfield code="9">42</subfield>
  </datafield>
  <datafield tag="650" ind1=" " ind2="0">
    <subfield code="a">Corrup&#xE7;&#xE3;o</subfield>
    <subfield code="9">151</subfield>
  </datafield>
  <datafield tag="650" ind1=" " ind2="0">
    <subfield code="a">Religi&#xE3;o</subfield>
    <subfield code="9">100</subfield>
  </datafield>
  <datafield tag="655" ind1=" " ind2="0">
    <subfield code="a">Romance</subfield>
    <subfield code="9">23</subfield>
  </datafield>
  <datafield tag="655" ind1=" " ind2="0">
    <subfield code="a">Fic&#xE7;&#xE3;o </subfield>
    <subfield code="9">22</subfield>
  </datafield>
  <datafield tag="700" ind1=" " ind2=" ">
    <subfield code="a">Brenno SIlveira</subfield>
    <subfield code="d">1911- </subfield>
    <subfield code="e">TRADUTOR</subfield>
    <subfield code="9">647</subfield>
  </datafield>
  <datafield tag="942" ind1=" " ind2=" ">
    <subfield code="2">ddc</subfield>
    <subfield code="c">BK</subfield>
  </datafield>
  <datafield tag="952" ind1=" " ind2=" ">
    <subfield code="0">0</subfield>
    <subfield code="1">0</subfield>
    <subfield code="2">ddc</subfield>
    <subfield code="4">0</subfield>
    <subfield code="7">0</subfield>
    <subfield code="8">FIC</subfield>
    <subfield code="a">BIBIB</subfield>
    <subfield code="b">BIBIB</subfield>
    <subfield code="c">LE</subfield>
    <subfield code="d">2025-03-26</subfield>
    <subfield code="e">doa&#xE7;&#xE3;o</subfield>
    <subfield code="l">0</subfield>
    <subfield code="o">823 /  W516a</subfield>
    <subfield code="p">2025-17274</subfield>
    <subfield code="r">2025-03-26 09:53:32</subfield>
    <subfield code="w">2025-03-26</subfield>
    <subfield code="y">BK</subfield>
  </datafield>
  <datafield tag="999" ind1=" " ind2=" ">
    <subfield code="c">321</subfield>
    <subfield code="d">321</subfield>
  </datafield>
</record>
